[Event "Sachsen-Anhalt Landesliga-A 1920"]
[Site "Sachsen Anhalt"]
[Date "2020.01.19"]
[Round "5.1"]
[White "Schumacher, Maik"]
[Black "Grossmann, Herbert"]
[Result "1/2-1/2"]
[WhiteElo "1838"]
[BlackElo "2062"]
[PlyCount "31"]
[EventDate "2019.09.29"]
[EventType "team-tourn"]
[EventRounds "9"]
[EventCountry "GER"]
[SourceTitle "EXT 2023"]
[Source "ChessBase"]
[SourceDate "2022.10.05"]
[SourceVersion "1"]
[SourceVersionDate "2022.10.05"]
[SourceQuality "1"]
[WhiteTeam "Gardelegen"]
[BlackTeam "Burger Schwarz Weiss"]
[WhiteTeamCountry "GER"]
[BlackTeamCountry "GER"]

1. e4 d6 2. d4 Nf6 3. Nc3 g6 4. Bf4 Bg7 5. Qd2 c6 6. Bh6 Bxh6 7. Qxh6 Qa5 8. Bd3 b5 9. Nf3 b4 10. Ne2 Ba6 11. 0-0 Nxe4 12. Rfe1 Bxd3 13. cxd3 Nf6 14. Ng3 Nbd7 15. Ne4 0-0-0 16. Qd2 1/2-1/2

[Event "Zdar nad Sazavou Vysocina op-B 4th"]
[Site "Zdar nad Sazavou"]
[Date "2007.09.26"]
[Round "5"]
[White "Pavlis, Jaromir"]
[Black "Grossmann, Herbert"]
[Result "1/2-1/2"]
[WhiteElo "2084"]
[BlackElo "2136"]
[PlyCount "47"]
[EventDate "2007.09.22"]
[EventType "swiss"]
[EventRounds "9"]
[EventCountry "CZE"]
[SourceTitle "EXT 2008"]
[Source "ChessBase"]
[SourceDate "2007.11.25"]
[SourceVersion "1"]
[SourceVersionDate "2007.11.25"]
[SourceQuality "1"]

1. d4 d6 2. c4 g6 3. Nc3 Bg7 4. Nf3 Nc6 5. e3 Nf6 6. h3 0-0 7. e4 e5 8. dxe5 dxe5 9. Be3 Qe7 10. Be2 Be6 11. 0-0 Rfe8 12. a3 Rad8 13. Nd2 Nd4 14. Re1 c6 15. Bf1 h6 16. Qc1 Kh7 17. b4 Nh5 18. Rb1 Rd7 19. Ne2 Red8 20. Kh2 g5 21. g4 Nxe2 22. Bxe2 Nf4 23. Nf1 b6 24. Ng3 1/2-1/2

[Event "Zdar nad Sazavou Vysocina op-B 4th"]
[Site "Zdar nad Sazavou"]
[Date "2007.09.25"]
[Round "4"]
[White "Grossmann, Herbert"]
[Black "Heinzel, Olaf"]
[Result "0-1"]
[WhiteElo "2136"]
[BlackElo "2388"]
[PlyCount "106"]
[EventDate "2007.09.22"]
[EventType "swiss"]
[EventRounds "9"]
[EventCountry "CZE"]
[SourceTitle "EXT 2008"]
[Source "ChessBase"]
[SourceDate "2007.11.25"]
[SourceVersion "1"]
[SourceVersionDate "2007.11.25"]
[SourceQuality "1"]

1. d4 Nf6 2. Nf3 d5 3. Bf4 c5 4. c3 Qb6 5. Qb3 c4 6. Qxb6 axb6 7. Nbd2 Nc6 8. e4 dxe4 9. Ng5 Nd5 10. Be3 b5 11. Ndxe4 h6 12. Nh3 f5 13. Ng3 e5 14. dxe5 Nxe3 15. fxe3 Bc5 16. Be2 0-0 17. 0-0 Bxe3+ 18. Kh1 f4 19. Ne4 Nxe5 20. Nhf2 Bd7 21. a3 Bc6 22. Bf3 g5 23. h3 Rad8 24. Ng4 Nxf3 25. gxf3 Kg7 26. Rae1 Bb6 27. Re2 Rfe8 28. Kg2 h5 29. Ngf2 Bxf2 30. Kxf2 Bxe4 31. fxe4 Rd3 32. Kg2 Rg3+ 33. Kh2 Re3 34. Rg2 Kh6 35. h4 g4 36. Rxf4 R8xe4 37. Rf6+ Kg7 38. Rb6 Rh3+ 39. Kg1 g3 40. Rxb7+ Kf6 41. Rb6+ Kf5 42. Rxb5+ Kg4 43. Rg5+ Kxh4 44. Rf5 Re1+ 45. Rf1 Rh1+ 46. Kxh1 Rxf1+ 47. Rg1 Rf2 48. Ra1 Kh3 49. a4 Rh2+ 50. Kg1 g2 51. Kf2 Rh1 52. Rg1 Rxg1 53. Kxg1 Kg3 0-1

[Event "Oberliga Ost-B 0405"]
[Site "Germany"]
[Date "2005.01.16"]
[Round "7.4"]
[White "Grossmann, Herbert"]
[Black "Schwenkreis, Thomas"]
[Result "1-0"]
[WhiteElo "2209"]
[BlackElo "2079"]
[PlyCount "41"]
[EventDate "2004.10.10"]
[EventType "team-tourn"]
[EventRounds "11"]
[EventCountry "GER"]
[SourceTitle "EXT 2006"]
[Source "ChessBase"]
[SourceDate "2005.11.24"]
[SourceVersion "1"]
[SourceVersionDate "2005.11.24"]
[SourceQuality "1"]
[WhiteTeam "Erfurt Medizin"]
[BlackTeam "Frankfurt FTG"]
[WhiteTeamCountry "GER"]
[BlackTeamCountry "GER"]

1. d4 Nf6 2. c4 g6 3. Nc3 Bg7 4. e4 d6 5. f4 c5 6. d5 0-0 7. Nf3 e6 8. Be2 exd5 9. cxd5 Re8 10. e5 dxe5 11. fxe5 Ng4 12. Bg5 f6 13. exf6 Bxf6 14. Qd2 Bxg5 15. Qxg5 Qxg5 16. Nxg5 Bf5 17. h3 Nf6 18. 0-0 Nbd7 19. g4 Be4 20. Bb5 Bxd5 21. Nxd5 1-0

[Event "Regensburg-ch"]
[Site "Regensburg"]
[Date "1995.??.??"]
[Round "?"]
[White "Grossmann, Herbert"]
[Black "Voith, Walter"]
[Result "1-0"]
[WhiteElo "2220"]
[BlackElo "2375"]
[PlyCount "43"]
[EventDate "1995.??.??"]
[EventType "swiss"]
[EventRounds "7"]
[EventCountry "GER"]
[SourceTitle "EXT 2006"]
[Source "ChessBase"]
[SourceDate "2005.11.24"]
[SourceVersion "1"]
[SourceVersionDate "2005.11.24"]
[SourceQuality "1"]

1. Nf3 d5 2. g3 c5 3. Bg2 Nc6 4. 0-0 e6 5. d3 Be7 6. Nbd2 Nf6 7. e4 dxe4 8. dxe4 e5 9. c3 0-0 10. Qe2 Qc7 11. Nc4 Rd8 12. a4 h6 13. Nh4 b6 14. Ne3 Be6 15. Nef5 Na5 16. Re1 Bc4 17. Qf3 Nb3 18. Nxe7+ Qxe7 19. Nf5 Qc7 20. Be3 Nxa1 21. Rxa1 Qc6 22. Ne7+ 1-0

[Event "Regensburg-ch"]
[Site "Regensburg"]
[Date "1995.??.??"]
[Round "?"]
[White "Kirschbaum, Gunnar"]
[Black "Grossmann, Herbert"]
[Result "0-1"]
[WhiteElo "2220"]
[BlackElo "2220"]
[PlyCount "56"]
[EventDate "1995.??.??"]
[EventType "swiss"]
[EventRounds "7"]
[EventCountry "GER"]
[SourceTitle "EXT 2006"]
[Source "ChessBase"]
[SourceDate "2005.11.24"]
[SourceVersion "1"]
[SourceVersionDate "2005.11.24"]
[SourceQuality "1"]

1. f4 g6 2. Nf3 Bg7 3. d4 d6 4. e3 Nf6 5. c4 0-0 6. Bd3 Nbd7 7. 0-0 c5 8. d5 a6 9. Nc3 e6 10. dxe6 fxe6 11. e4 b6 12. Bd2 Bb7 13. Ng5 Re8 14. Qc2 Nf8 15. Rae1 e5 16. Nd5 Bc8 17. f5 Ra7 18. Re2 h6 19. Nf3 gxf5 20. exf5 Nxd5 21. cxd5 Rf7 22. g4 Nh7 23. h4 Nf6 24. g5 e4 25. gxf6 exd3 26. Rxe8+ Qxe8 27. Qxd3 Rxf6 28. Nh2 Qh5 0-1